000 02695nam0a2200361 4500
001 RU\NLR\BIBL_A\022135171
005 20260408162054.0
021 _aRU
_bКН-П-23-080923
_9КН-П-23-8211
035 _a(NLR Aleph) 022135171
035 _a(RuMoRGB)012450489
090 _a13652903
_c13652903
100 _a20240212d2023 u y0rusy50 ca
101 0 _arus
102 _aRU
105 _ay 000|y
181 1 _ai
_b e
182 1 _an
200 1 _aСталь и сплавы. Наименования и основные обозначения марок
_eГОСТ Р 70817-2023
_eнациональный стандарт Российской Федерации
_eутвержден и введен в действие Приказом Федерального агентства по техническому регулированию и метрологии от 14 июля 2023 г. N 535-ст
_eвведен впервые
_eдата введения 2023-11-01
_fразработан: Центральный научно-исследовательский институт черной металлургии имени И. П. Бардина
203 _aТекст
_bвизуальный
_cнепосредственный
210 _aМосква
_cРоссийский институт стандартизации
_d2023
_eМосква
215 _aIII, 15 с.
_d29 см.
330 _aНастоящий стандарт определяет наименования и устанавливает порядок присвоения обозначений марок стали и сплавов, применяемых в черной металлургии, в зависимости от их основных свойств, области применения и назначения, а также отдельных способов их выплавки, переплава и методов обработки
606 _aСталь
_jСтандарты
_xМарки
_91708871
_3RU\NLR\AUTH\661059095
606 1 _aСталь
_jСтандарты
_xКлассификация
_91708033
_3RU\NLR\AUTH\661058699
675 _a669.14(083.74)
_v4
686 _a34.327я86
_2rubbks
686 1 _aК222я861
712 0 1 _4725
_aРоссийская Федерация
_bФедеральное агентство по техническому регулированию и метрологии
_9630205
_3RU\NLR\AUTH\8810064304
712 0 2 _4900
_aЦНИИ черной металлургии им. И. П. Бардина
_cМосква
_9369145
_3RU\NLR\AUTH\889937184
942 _cBOOK
980 _aNB